000 00701nam a22002177a 4500
005 20220616163012.0
008 220616b ||||| |||| 00| 0 eng d
040 _cAloy
041 _aeng
082 _223
_a530
_bDEPS
100 _aDepartment of Physics St Aloysius College Mangaluru
_943543
245 _aSouvenir: International Virtual Conference on Physics of Solid State Materials
260 _aMangaluru
_bSt Aloysius College (Autonomous)
_c2020
300 _avi,38p.
_bPB
_c29x21cm.
365 _2Physics
650 _aPhysics
_943210
650 _a2-3 September 2020
_943532
650 _aSeminar
_943211
700 _aDEPARTMENT OF PHYSICS ST ALOYSIUS COLLEGE
_943212
942 _2ddc
_cDB
999 _c223391
_d223391